Logos redesigned : How 200 companies successfully changed their image

Enregistré dans:
Détails bibliographiques
Auteur principal: Carter, David E. (Auteur)
Format: Livre
Langue:anglais
Publié: New York : Harper Design, 2005
Tags: Ajouter un tag
Pas de tags, Soyez le premier à ajouter un tag!

MARC

LEADER 00000nam a22000003a 4500
001 stu246713
005 20150617230159.4
008 120521s2005----xxu-----------------eng-d
020 |a 0-06-074805-2 
040 |a STU  |b slo 
041 0 |a eng 
044 |a xxu 
100 1 |a Carter, David E.  |4 aut 
245 1 |a Logos redesigned :  |b How 200 companies successfully changed their image 
260 |a New York :  |b Harper Design,  |c 2005 
300 |a 190 s 
996 |b 284V032389  |c V*51544/O-23021  |l VVT  |s A  |a 24  |w stu246713_0001